书目信息 |
| 题名: |
莎士比亚戏剧故事集
|
|
| 作者: | 莎士比亚 著 ;兰姆 , 深幻 , 兰姆 , 吉尔伯特 编 | |
| 分册: | 悲剧卷·喜剧卷 | |
| 出版信息: | 北京 当代世界出版社 2009.10 |
|
| 页数: | 265页 | |
| 开本: | 24cm | |
| 丛书名: | ||
| 单 册: | ||
| 中图分类: | I561.33 | |
| 科图分类: | ||
| 主题词: | 戏剧文学--xi ju wen xue--故事--英国--中世纪--选集 | |
| 电子资源: | ||
| ISBN: | 978-7-5090-0461-6 | |
| 000 | 01152nam0 2200277 450 | |
| 001 | CAL 012010003188 | |
| 005 | 20111223122957.57 | |
| 010 | @a978-7-5090-0461-6@dCNY34.00 | |
| 100 | @a20111025d2009 em y0chiy50 ea | |
| 101 | 1 | @achi@ceng |
| 102 | @aCN@b110000 | |
| 105 | @aac z 000fy | |
| 200 | 1 | @a莎士比亚戏剧故事集@Asha shi bi ya xi ju gu shi ji@i悲剧卷·喜剧卷@f作者 (英) 查尔斯·兰姆, 玛丽·兰姆@g绘画 (英) 约翰·吉尔伯特@g译者深幻 |
| 210 | @a北京@c当代世界出版社@d2009.10 | |
| 215 | @a265页@c图@d24cm | |
| 330 | @a全书收录了莎世比亚剧作中的悲剧和喜剧,不仅包括最著名的四大悲剧和四大喜剧,也包括其他的悲、喜剧作品,共计二十部。 | |
| 500 | 10 | @aTales from Shakespeare@mChinese |
| 606 | 0 | @a戏剧文学@Axi ju wen xue@x故事@y英国@z中世纪@j选集 |
| 690 | @aI561.33@v5 | |
| 701 | 1 | @a莎士比亚@AShashibiya@g(Shakespeare, William),@f1564-1616@4著 |
| 702 | 1 | @a兰姆@ALanmu@g(Lamb, Charles),@f1775-1834@4编 |
| 702 | 0 | @a深幻@Ashen huan@4译 |
| 702 | 1 | @a兰姆@ALanmu@g(Lamb, Mary),@f1764-1847@4编 |
| 702 | 1 | @a吉尔伯特@AJierbote@g(Gilbert, John),@f1817-1897@4绘画 |
| 801 | 0 | @aCN@c20111223 |
| 905 | @a郑州市财税学校图书馆@dI561.33@eZ368@f2 | |
| 莎士比亚戏剧故事集.悲剧卷·喜剧卷/作者 (英) 查尔斯·兰姆, 玛丽·兰姆/绘画 (英) 约翰·吉尔伯特/译者深幻.-北京:当代世界出版社,2009.10 |
| 265页:图;24cm |
| ISBN 978-7-5090-0461-6:CNY34.00 |
| 全书收录了莎世比亚剧作中的悲剧和喜剧,不仅包括最著名的四大悲剧和四大喜剧,也包括其他的悲、喜剧作品,共计二十部。 |
| ● |
| 相关链接 |
|
|
|
正题名:莎士比亚戏剧故事集
索取号:I561.33/Z368
 
预约/预借
| 序号 | 登录号 | 条形码 | 馆藏地/架位号 | 状态 | 备注 |
| 1 | 1064753 | 210647530 | 文学库116/116文学库 119排5列2层/ [索取号:I561.33/Z368] | 在馆 |